Music Quiz

Random Music Quiz

NEWS' Singles 2003-2016 Quiz Stats

Quiz not verified by Sporcle

Challenge
Share
Tweet
Embed
Score 0/21 Timer 05:00
0 Plays Today
Year Song Name % Correct
2003NEWS Nippon
87.5%
2007Weeeek
75%
2012Chankapāna
75%
2008Happy Birthday
70.8%
2010Sakura Girl
66.7%
2015Kaguya
66.7%
2015Chumu Chumu
66.7%
2016Hikari no Shizuku\Touch
66.7%
2009Koi no ABO
62.5%
2008Summer Time
58.3%
2005Cherish
54.2%
Year Song Name % Correct
2005Teppen
54.2%
2010Fighting Man
54.2%
2006Sayaendō\Hadashi no Cinderella Boy
50%
2014ONE -for the win-
50%
2012World Quest\Pokopon Pekōrya
45.8%
2016Koi wo Shiranai Kimi e
42.1%
2004Kibō (Yell)
41.7%
2007Hoshi o Mezashite
33.3%
2004Akaku Moyuru Taiyō
29.2%
2008Taiyō no Namida
8.3%

You're not logged in!

Compare scores with friends on all Sporcle quizzes.
Join for Free
OR
Log In

You Might Also Like...

Show Comments

Extras

Top Quizzes Today


Score Distribution

Your Account Isn't Verified!

In order to create a playlist on Sporcle, you need to verify the email address you used during registration. Go to your Sporcle Settings to finish the process.

Report this User

Report this user for behavior that violates our Community Guidelines.

Details: